MARC

LEADER 00000nam0a2200000 4500
001 334208
005 20231102004630.0
035 |a (RuTPU)RU\TPU\book\360237 
035 |a RU\TPU\book\360233 
090 |a 334208 
100 |a 20170713d1978 k y0rusy50 ca 
101 0 |a rus 
102 |a RU 
105 |a a z 001zy 
200 1 |a Тектонические разломы Забайкалья  |f Академия наук СССР (АН СССР), Сибирское отделение (СО), Бурятский геологический институт (БГИ) ; под ред. В. В. Волкова 
210 |a Новосибирск  |c Наука  |d 1978 
215 |a 111 с.  |c ил. 
225 1 |a Труды ГИН (Геологического института АН СССР, Сиб. отделение, Бурятский филиал)  |v Вып. 22 
320 |a Библиогр.: с. 107-110 
606 1 |a Тектоника разломная  |2 stltpush  |3 (RuTPU)RU\TPU\subj\75199  |9 87070 
610 1 |a тектонические разломы 
610 1 |a возрастные особенности 
610 1 |a морфология 
610 1 |a кинематические особенности 
610 1 |a размещение 
610 1 |a анализ 
610 1 |a разрывные нарушения 
610 1 |a магматизм 
610 1 |a осадкообразование 
675 |a 551.243.8  |v 3 
702 1 |a Волков  |b В. В.  |4 340 
712 0 2 |a Академия наук СССР (АН СССР)  |b Сибирское отделение (СО)  |b Бурятский геологический институт (БГИ)  |c (Улан-Удэ)  |2 stltpush  |3 (RuTPU)RU\TPU\col\11435 
801 1 |a RU  |b 63413507  |c 20150115 
801 2 |a RU  |b 63413507  |c 20190528  |g RCR 
942 |c BK